Merriam-Webster's Reader's Handbook : (Record no. 283318)
[ view plain ]
| 000 -LEADER | |
|---|---|
| fixed length control field | 00489nam a2200145Ia 4500 |
| 008 - FIXED-LENGTH DATA ELEMENTS--GENERAL INFORMATION | |
| fixed length control field | 150223s9999 xx 000 0 und d |
| 020 ## - INTERNATIONAL STANDARD BOOK NUMBER | |
| International Standard Book Number | 0877796203 |
| 050 ## - LIBRARY OF CONGRESS CALL NUMBER | |
| Classification number | PN 41 |
| Item number | .M423 1997 |
| 100 ## - MAIN ENTRY--PERSONAL NAME | |
| Personal name | Doherty, Kathleen M. et. al. |
| 245 ## - TITLE STATEMENT | |
| Title | Merriam-Webster's Reader's Handbook : |
| Remainder of title | your complete guide to literary terms / |
| Statement of responsibility, etc | Kathleen M. Doherty et. al. |
| 260 ## - PUBLICATION, DISTRIBUTION, ETC. (IMPRINT) | |
| Place of publication, distribution, etc | USA : |
| Name of publisher, distributor, etc | Merriam-Webster, Inc., |
| Date of publication, distribution, etc | 1997 |
| 300 ## - PHYSICAL DESCRIPTION | |
| Extent | 597 pages : |
| Dimensions | 22 cm. |
| 504 ## - BIBLIOGRAPHY, ETC. NOTE | |
| Bibliography, etc | Includes Index. |
| 650 ## - SUBJECT ADDED ENTRY--TOPICAL TERM | |
| Topical term or geographic name as entry element | Dictionary |
No items available.